00503nam a2200205Ia 4500008004000000020001500040041000800055082001800063100002500081245006100106260004000167300001200207650001500219650000700234650001400241650001000255650001500265650001100280650000600291210210b2002 xxu||||| |||| 00| 0 eng d a8173714096 aeng a597.0929 DANI aDANIELS (R J Ranjit) aIndia a lifescape: freshwater fishes of peninsular India aHyderabadbUniversities Pressc2002 aii--288 apeninsular aof alifescape aIndia afreshwater afishes aa